Foreign aid and landmine clearance (Record no. 239051)
[ view plain ]
| 000 -LEADER | |
|---|---|
| fixed length control field | 01588nam a2200385Ia 4500 |
| 082 04 - DEWEY DECIMAL CLASSIFICATION NUMBER | |
| Classification number | 338.9173 |
| 100 1# - MAIN ENTRY--AUTHOR NAME | |
| Personal name | Bolton, Matthew. |
| 245 10 - TITLE STATEMENT | |
| Title | Foreign aid and landmine clearance |
| 260 ## - PUBLICATION, DISTRIBUTION, ETC. (IMPRINT) | |
| Place of publication | London : |
| Name of publisher | Tauris, |
| Year of publication | 2010. |
| 300 ## - PHYSICAL DESCRIPTION | |
| Number of Pages | xiv, 267 p. : |
| Other physical details | ill. |
| 490 0# - SERIES STATEMENT | |
| Series statement | International library of post-war reconstruction & development ; |
| 650 #0 - SUBJECT ADDED ENTRY--TOPICAL TERM | |
| Topical Term | Economic assistance, American. |
| Topical Term | Economic assistance, Norwegian. |
| Topical Term | Explosive ordnance disposal |
| Topical Term | Postwar reconstruction |
| Topical Term | Postwar reconstruction |
| Topical Term | Postwar reconstruction |
| Topical Term | Economic assistance |
| 856 40 - ELECTRONIC LOCATION AND ACCESS | |
| Uniform Resource Identifier | http://site.ebrary.com/lib/rucke/Doc?id=10424553 |
No items available.
